| 000 | 00537nam a2200205Ia 4500 | ||
|---|---|---|---|
| 008 | 160319s9999 xx 000 0 und d | ||
| 050 | _a780.92 | ||
| 050 | _bS187c 1976 | ||
| 100 | _aSamson, Helen F. | ||
| 245 | _aContemporary Filipino composers : | ||
| 245 | _bbiographical interviews / | ||
| 245 | _cHelen T. Samson. | ||
| 260 | _aQuezon City : | ||
| 260 | _b Manlapaz, | ||
| 260 | _c1976 | ||
| 300 | _axi, 247 pages : | ||
| 300 | _billustrations ; | ||
| 650 | _aComposers -- Philippines -- | ||
| 650 | _xBiography. | ||
| 999 |
_c292160 _d292160 |
||